| 000 | 00949nam a2200277 i 4500 | ||
|---|---|---|---|
| 001 | 89011 | ||
| 003 | ES-MaACL | ||
| 005 | 20250827052324.0 | ||
| 007 | t| | ||
| 008 | 050124s2002 sp ||||1| spa d | ||
| 020 | _a84-472-0751-X | ||
| 080 | _a821.14.09 | ||
| 080 | _a910.4(0:82) | ||
| 245 | 0 | 0 |
_aEstudios sobre el viaje en la literatura de la Grecia antigua / _cMáximo Brioso Sánchez, Antonio Villarrubia Medina (editores). |
| 260 |
_aSevilla : _bSecretaría de Publicaciones, Universidad de Sevilla, _c2002. |
||
| 300 |
_a262 p. ; _c24 cm. |
||
| 490 | 1 |
_aLiteratura ; _v68 |
|
| 650 | 1 | 4 |
_aLiteratura griega- _xHistoria y crítica. _914599 |
| 650 | 1 | 7 |
_aViajes- _xEn la literatura _2 _9151280 |
| 700 | 1 |
_aBrioso Sánchez, Máximo. _931778 |
|
| 700 | 1 |
_aVillarrubia Medina, Antonio. _9115146 |
|
| 710 | 2 |
_aUniversidad de Sevilla. _97301 |
|
| 830 | 1 |
_aLiteratura ; _v68 _9177860 |
|
| 852 |
_aES-MaACL _jL-28642 |
||
| 999 |
_c89011 _d89011 |
||